00455 2200181 4500001002100000005001500021008004100036020001800077035001900095041000700114082001200121090001800133100001400151245002700165260001900192300003300211650002900244INLIS00000000000345720241224112727241224||||||||| | ||| |||| || |  a979-28-0205-4 0010-1224003457 aid0 a704.946 a704.946 KUS m0 aKuswilono00aMengenal Simbol Daerah bIntan Pariwara aiv, 52 hlm. : ilus, ; 20 cm. 0aIlmu Kesenian & Olahraga